00633nam a2200193Ia 4500008004100000020000700041082001900048100002500067245008200092250000800174260003800182300002700220500000700247600002000254650002000274942000700294952012100301999001700422240925s9999 xx 000 0 und d aNA a378.166205 KHA aDogar Publication - 0aUp- To - Date GAT: graduate assessment test General Plus NTS Schedule for GAT a1st aLahore:bDogar Publishersc,2008. axv,588p.b2fPhotocopy aNA aSocial Sciences aSocial Sciences cBK 001040708SSaUITUbUITUd2008-10-10eF.B.Cg850.00l0o378.166205 KHApQ7576r2024-09-25 07:14:39w2024-09-25yBK c10075d10075